000 00333nam a2200157Ia 4500
100 _aBurghardt/Axelrod
650 _aChemistry
942 _cBK
654 _aTools
245 _aMachine Tools Operations I
260 _bHand Book Publishers
_c2001
082 _a621.9
_bBUR
300 _a588
546 _aENGLISH
999 _c19812
_d19812